LEADER 01968oam 2200577M 450 001 9910715806103321 005 20191123061948.8 035 $a(CKB)5470000002516028 035 $a(OCoLC)1064743267 035 $a(OCoLC)995470000002516028 035 $a(EXLCZ)995470000002516028 100 $a20070221d1862 ua 0 101 0 $aeng 135 $aurcn||||||||| 181 $ctxt$2rdacontent 182 $cc$2rdamedia 183 $acr$2rdacarrier 200 10$aMary Cunningham, widow of John Cunningham, deceased. April 28, 1862. -- Laid on the table, and ordered to be printed 210 1$a[Washington, D.C.] :$c[U.S. Government Printing Office],$d1862. 215 $a1 online resource (1 page) 225 1 $aHouse report / 37th Congress, 2nd session. House ;$vno. 95 225 1 $a[United States congressional serial set ] ;$v[serial no. 1145] 300 $aBatch processed record: Metadata reviewed, not verified. Some fields updated by batch processes. 300 $aFDLP item number not assigned. 606 $aClaims 606 $aDisabled veterans 606 $aEntertainers 606 $aMexican War, 1846-1848 606 $aMilitary pensions 606 $aPrisoners of war 606 $aPrisoners 607 $aUnited States$xHistory$yWar of 1812 608 $aLegislative materials.$2lcgft 615 0$aClaims. 615 0$aDisabled veterans. 615 0$aEntertainers. 615 0$aMexican War, 1846-1848. 615 0$aMilitary pensions. 615 0$aPrisoners of war. 615 0$aPrisoners. 701 $aHarrison$b Richard Almgill$f1824-1904$pUnionist (OH)$01411840 801 0$bWYU 801 1$bWYU 801 2$bOCLCO 801 2$bOCLCQ 801 2$bOCLCO 801 2$bOCLCQ 906 $aBOOK 912 $a9910715806103321 996 $aMary Cunningham, widow of John Cunningham, deceased. April 28, 1862. -- Laid on the table, and ordered to be printed$93548530 997 $aUNINA